Представление документа в формате MARC21

Поле Инд. ПП Название Значение
Тип записи a
Библиографический уровень m
001 Контрольный номер RU/IS/BASE/364556376
005 Дата корректировки 20220805121051.6
040 b Код языка каталог. rus
041 0_ a Код языка текста rus
080 a Индекс УДК 004.42
084 a Индекс другой классификации/Индекс ББК 32.973.26-018.2
090 a Полочн. индекс 681.3
c Каталожный индекс 681.3.06
x Авторский знак Р85
097 b Оператор 11
245 10 a Заглавие Руководство по эксплуатации альфа-системы автоматизации программирования
260 a Место издания Л.
b Издательство ЛВИКА им. А. Ф. Можайского
c Дата издания 1969
300 a Объем 69 с.
510 a Примечание о ссылках Книги и методические пособия
650 a Основная рубрика 50.05 Теоретические основы программирования
x Основная подрубрика 50.05.13 Технология программирования. Автоматизация программирования
653 a Ключевые слова программирование; автоматизация процессов
901 t Тип документа m